Statistics for Shortest Serving Australian Heads of Government by Time in Office

Click here to take the quiz!

General Stats

  • This quiz has been taken 6 times
    (3 since last reset)
  • The average score is 4 of 10

Answer Stats

Time in OfficeJurisdictionPartyAnswer% Correct
8 daysFederalLaborFrank Forde
100%
19 daysFederalCountrySir Earle Page
100%
22 daysFederalCountrySir John McEwen
100%
6 daysQueenslandLaborAnderson Dawson
50%
7 daysSouth AustraliaConservativeVaiben Louis Solomon
50%
13 daysVictoriaLaborGeorge Elmslie
0%
11 daysSouth AustraliaNoneJohn Baker
0%
9 daysQueenslandLiberalSir Gordon Chalk
0%
30 daysWestern AustraliaNationalistSir Hal Colebatch
0%
29 daysSouth AustraliaNoneSir Robert Torrens
0%

Score Distribution

Percentile by Number Answered

Percent of People with Each Score

Your Score History

You have not taken this quiz since the last reset